The Seinfeld Quiz - Statistics

General Stats
  • This quiz has been taken 2,239 times
  • The average score is 10 of 15
Answer Stats
Hint Answer % Correct
It's a holiday for the rest of us! Festivus
95%
Kramer's friend, Jerry's foe Newman
95%
George and Jerry write a show about ________ Nothing
94%
George's dead fiance Susan
91%
Going against all his instincts lands George an interview here New York Yankees
89%
Famous for his crab bisque, infamous for his temper... The Soup Nazi
85%
Alias, importer-exporter, architect, author and judge Art Vandelay
67%
Kramer makes a sculpture of Jerry out of this type of pasta Fusilli
67%
Jerry persuades him into making his restaurant the only authentic Pakistani eatery in the neighborhood Babu
64%
He didn't wash his hands after using the bathroom Poppy
64%
Tim Whatley re-gifts this Label maker
58%
The key to Elaine's "vault" Schnapps
32%
The bizarro coffee shop Reggies'
25%
No smell, no tell, _________ Hennigans'
23%
Kramer's best friend who went for a hernia operation and now he's sitting in a chair by a window going "My name is ___!" Bob Sacamano
21%
No matching quizzes found
Score Distribution
Percent of People with Each Score
Percentile by Number Answered
Your Score History
You have not taken this quiz